01118nam a22002534a 450000100060000000300080000600500170001400800390003102000150007003500190008504000230010404100080012708200270013524501620016226000490032430000340037350001840040750400510059165000440064265000340068670000340072070000240075471100860077837127BD-RjUL20211209052600.0141019s1999 nhua b 101 0 eng a1578080185 a(BD-RjUL)37229 aDLCcDLCdDLCbeng aeng00a631.5233221bBIO 199900aBiotechnology, biosafety, and biodiversity :bscientific and ethical issues for sustainable development /ceditors, Sivramish Shantharam, Jane F. Montgomery. aEnfield, N.H. :bScience Publishers,cc1999. axiv, 237 p. :bill. ;c25 cm. aProceedings of the Satellite Symposium on Biotechnology and Biodiversity, held on November 15 and 16, 1996, at the Indian Agricultural Research Institute (IARI), New Delhi, India. aIncludes bibliographical references and index. 0aAgricultural biotechnologyxCongresses. 0aAgrobiodiversityxCongresses.1 aShantharam, Sivramiah,d1951-1 aMontgomery, Jane F.2 aSatellite Symposium on Biotechnology and Biodiversityd(1996 :cNew Delhi, India)